Statistics for Largest Islands In The British Isles

Click here to take the quiz!

General Stats

  • This quiz has been taken 38 times
  • The average score is 10 of 15

Answer Stats

Size (Square Kilometers)Island% Correct
572Isle of Man
94%
209,331Great Britain
91%
81,638Ireland
91%
381Isle of Wight
91%
969Shetland
83%
1,656Isle of Skye
80%
523Orkney
74%
2,179Lewis and Harris
69%
875Isle of Mull
66%
673Anglesey
54%
432Isle of Arran
43%
620Islay
40%
303North Uist
29%
320South Uist
29%
367Jura
26%

Score Distribution

Percentile by Number Answered

Percent of People with Each Score

Your Score History

You have not taken this quiz